00251nam a2200109Ia 4500008004100000100002200041245002500063260001700088650001200105942000700117999001700124190216s9999||||xx |||||||||||||| ||und|| aSukumar Azheekode 0aMahathmavinde Margam bNbs Kottayam aPadanam cBK c24582d24582